Swiss Destinations on a Map - Statistics

General Stats
  • This quiz has been taken 236 times
  • The average score is 83 of 111
Answers on the Map
Answers color-coded by a green-red scale on the quiz's map according to % correct below.
 
Answer Stats
Country Answer % Correct
United States Los Angeles
96%
United States New York
95%
Spain Madrid
94%
United States Miami
94%
United Kingdom London
93%
France Paris
93%
Spain Barcelona
92%
UAE Dubai
92%
United States San Francisco
92%
Egypt Cairo
91%
Ireland Dublin
91%
Sweden Stockholm
91%
Canada Toronto
91%
Norway Oslo
90%
The Netherlands Amsterdam
89%
Germany Berlin
89%
United States Chicago
89%
India Delhi
89%
Hong Kong Hong Kong
89%
South Africa Johannesburg
89%
Portugal Lisbon
89%
India Mumbai
89%
Italy Rome
89%
South Korea Seoul
89%
Singapore Singapore
89%
Japan Tokyo
89%
United States Boston
88%
Switzerland Zurich
88%
Thailand Bangkok
87%
Switzerland Geneva
87%
Canada Montreal
87%
Germany Munich
87%
Portugal Porto
87%
Israel Tel Aviv
87%
Greece Athens
86%
Belgium Brussels
86%
Denmark Copenhagen
86%
Brazil Sao Paulo
86%
China Shanghai
86%
Hungary Budapest
85%
Germany Frankfurt
85%
Germany Hamburg
85%
United Kingdom Manchester
85%
Czech Republic Prague
85%
Poland Warsaw
85%
France Marseille
84%
United States Washington
84%
Romania Bucharest
83%
Italy Naples
83%
Spain Valencia
83%
Austria Vienna
83%
Italy Milan
82%
Lebanon Beirut
81%
Luxembourg Luxembourg
81%
Italy Venice
81%
Estonia Tallinn
80%
Serbia Belgrade
79%
France Nice
79%
Albania Tirana
79%
United Kingdom Birmingham
78%
Morocco Marrakech
77%
Bosnia Sarajevo
77%
Malta Malta
76%
Bulgaria Sofia
76%
Lithuania Vilnius
76%
France Bordeaux
75%
Germany Dusseldorf
75%
Spain Malaga
75%
Poland Gdansk
74%
Poland Krakow
74%
United States Newark
74%
Slovenia Ljubljana
72%
Italy Palermo
72%
Spain Palma de Mallorca
72%
Germany Stuttgart
72%
Spain Ibiza
70%
Kosovo Pristina
70%
Greece Thessaloniki
70%
Sweden Gothenburg
69%
Italy Florence
68%
Turkey Antalya
67%
Italy Bologna
67%
Germany Dresden
65%
Germany Bremen
62%
United Kingdom Bristol
62%
Greece Heraklion
62%
Greece Kos
62%
France Nantes
62%
Portugal Faro
61%
Germany Hannover
61%
Spain Alicante
60%
Austria Graz
60%
Egypt Hurghada
58%
Cyprus Larnaca
58%
Spain Menorca
58%
Italy Catania
57%
Greece Rhodes
56%
Romania Cluj-Napoca
52%
Poland Wroclaw
52%
Greece Mykonos
50%
Greece Corfu
48%
Greece Santorini
46%
Denmark Billund
44%
Slovakia Kosice
41%
France Biarritz
37%
Italy Brindisi
37%
Tunisia Djerba
36%
Italy Olbia
35%
Greece Zakynthos
32%
Germany Westerland
29%
Greece Kalamata
24%
No matching quizzes found
Score Distribution
Percent of People with Each Score
Percentile by Number Answered
Your Score History
You have not taken this quiz